000 00978na a2200325 4500
001 23053
003 MIRAKIL
005 20181213154802.0
008 170518b tu 000 0
020 _a9786053993902
035 _a23053
040 _aMilas
_btur
_cTR-AnCHP
041 _atur
082 _a299.159
_bG74k 2015
090 _a299.159 G74k 2015
100 _aGökçen, Amed
245 _aKadim bir nefes
_bEzidi ağıtları
_cAmed Gökçen
246 _aEzidi ağıtları
260 _aİstanbul
_bİstanbul Bilgi Üniversitesi
_c2016
300 _a188 s.
_bfotğ.
_c20 sm.
_e7 adet CD
440 _aİstanbul Bilgi Üniversitesi yayınları
_v512
490 _aTarih-Belge
_v6
650 _aYezidiler
_xOrta Doğu
650 _aYezidiler
_xSosyal yaşam ve gelenekler
650 _aYezidiler
_xÖğretiler
650 _aYezidiler
_xTarih
_yKaynaklar
650 _aYezidiler
_xCenaze törenleri
_yAğıtlar
740 _aEzidi ağıtları
942 _2ddc
_cBKS
999 _c807
_d807